00291nam a2200121Ia 4500008004100000082001400041100002100055245003000076250000800106260002400114300001000138650002100148150201s2014 xx 000 0 und d a612bP14C aCHANDRASEKAR, M. aPRACTICAL PHYSIOLOGY BOOK a2ND bJAYPEEaDELHIc2014 a1-171 aHUMAN PHYSIOLOGY